| 000 | 00780 a2200241 4500 | ||
|---|---|---|---|
| 005 | 20251223151659.0 | ||
| 008 | 251223b |||||||| |||| 00| 0 eng d | ||
| 020 | _a978-1-3502-3584-7 (pbk) | ||
| 037 | _cTB | ||
| 040 |
_aCRL _cCRL |
||
| 041 |
_2eng _aeng |
||
| 084 |
_aR1 R2 _qCRL |
||
| 245 | _aAdvances in Experimental philosophy of Causation | ||
| 260 |
_aLondon, UK: _bBloomsbury Academic, _c2024. |
||
| 300 | _axii;212p. | ||
| 365 |
_b28.99 _cUKP |
||
| 650 |
_aLogic _9859061 |
||
| 650 |
_aPhilosophy _9859062 |
||
| 700 |
_aWillemsen, P. _eEditor _9859063 |
||
| 700 |
_aWiegmann, A. _eEditor _9859064 |
||
| 942 |
_cTB _2CC _n0 _hR1 R2 |
||
| 999 |
_c1436054 _d1436054 |
||